000 00300nam a22001217a 4500
008 190313b xxu||||| |||| 00| 0 eng d
041 _aeng
080 _a043.3
100 _a0
101 _aSHKI-BA
245 _aSiguria e Sistemeve të Informacionit në sektorin Bankar
_cGashi,F
942 _2udc
_cBK
999 _c54754
_d54754